000 00357nam a2200145Ia 4500
008 150201s2009 xx 000 0 und d
082 _a615
_bE09T
100 _aTRIPATHI, K.D.
245 _aESSENTIALS OF MEDICAL PHARMACOLOGY
250 _a6TH
260 _bJAYPEE BROTHERS
_aDELHI
_c2009
300 _a1-940
650 _aPHARMACOLOGY
942 _2ddc
_cBK
_0196
999 _c174
_d174